| 000 | 00396nam a2200157Ia 4500 | ||
|---|---|---|---|
| 008 | 231217s9999 xx 000 0 und d | ||
| 041 | _aEnglish | ||
| 082 | _a001.6424PER WAL;1 `R' | ||
| 100 | _aWall, Larry Christiansen ,Tom Orwant, Jon | ||
| 245 | 0 | _aProgramming perl | |
| 250 | _a3rd ed. | ||
| 260 |
_c2000 _bMumbai : Shroff, |
||
| 300 | _aXXXIII+1067 | ||
| 650 | _aPerl | ||
| 942 | _cAA | ||
| 999 |
_c167548 _d167548 |
||